| 000 | 00656nam a2200193Ia 4500 | ||
|---|---|---|---|
| 999 |
_c22555 _d22555 |
||
| 082 | _aTA.0268 | ||
| 100 | _aAijaz, Rumi | ||
| 245 | 0 | _aUrban governance in basic civic services: case study of selected centres in Meerut district of Uttar Pradesh | |
| 260 |
_c2004 _bSchool of Planning and Architecture, New Delhi |
||
| 300 | _a284 | ||
| 504 | _aIncludes appendices and bibliography | ||
| 650 |
_aUrban policy _vMeerut District |
||
| 650 |
_aCivic improvement _vMeerut District |
||
| 650 |
_aCity planning _vMeerut District |
||
| 650 |
_aUrbanization _vMeerut District |
||
| 650 | _aUrban development | ||
| 710 | _aPanneerselvam, A. | ||
| 942 |
_cTH _2ddc |
||